[Event "2010 Under 1500 Championship"]
[Site "SchemingMind.com"]
[Date "2010.09.23"]
[Round "-"]
[White "Bricriu"]
[Black "Manfred Kraut"]
[Result "1-0"]
[WhiteCountry "IRL"]
[BlackCountry "GER"]
[WhiteElo "1792"]
[WhiteRD "74"]
[BlackElo "1380"]
[BlackRD "87"]
[GameID "261104"]

1. e4 c5 2. Nf3 Nc6 3. d3 g6 4. Nbd2 Bg7 5. g3 d6 6. Bg2 Nf6 7. O-O O-O 8. c3 e5 9. Ne1 Bg4 10. f3 Bd7
11. h3 Nh5 12. Kh2 Qg5 13. g4 Qf4+ 14. Kg1 Ng3 15. Rf2 h5 16. Nf1 hxg4 17. Bxf4 exf4 18. fxg4 Ne5 19. Nxg3 fxg3 20. Rf1 b5
21. d4 cxd4 22. cxd4 Nc4 23. Qe2 Bxd4+ 24. Kh1 Bxb2 25. Rb1 Be5 26. Nd3 a5 27. Rfd1 Rac8 28. Nxe5 Nxe5 29. Rxd6 Rfe8 30. Rbd1 Bc6
31. Qe1 Nc4 32. R6d4 Kg7 33. Qc3 Ne5 34. Qxg3 Bb7 35. Qh4 Nc6 36. Rd6 Nb4 37. Qf6+ Kf8 38. Qh8+ Ke7 39. Rd7+ Ke6 40. R1d6#
1-0

[Event "2010 Under 1500 Championship"]
[Site "SchemingMind.com"]
[Date "2010.11.17"]
[Round "-"]
[White "Bricriu"]
[Black "maro"]
[Result "1-0"]
[WhiteCountry "IRL"]
[BlackCountry "MEX"]
[WhiteElo "1823"]
[WhiteRD "74"]
[BlackElo "1353"]
[BlackRD "52"]
[GameID "267152"]

1. e4 e5 2. Bc4 Nh6 3. Nf3 d6 4. d3 g6 5. h3 Bg7 6. g4 d5 7. Bxd5 Qe7 8. Nc3 Be6 9. Bxb7 O-O 10. Bxa8 Na6
11. Bd5 Nc5 12. Be3 Bxd5 13. Nxd5 Qd6 14. g5 Nd7 15. gxh6 Bf6 16. Qd2 Nb6 17. Bxb6 axb6 18. Nxf6+ Qxf6 19. Qe3
1-0

[Event "2010 Under 1500 Championship"]
[Site "SchemingMind.com"]
[Date "2010.11.17"]
[Round "-"]
[White "maro"]
[Black "Bricriu"]
[Result "0-1"]
[WhiteCountry "MEX"]
[BlackCountry "IRL"]
[WhiteElo "1323"]
[WhiteRD "58"]
[BlackElo "1832"]
[BlackRD "77"]
[GameID "267156"]

1. c4 c5 2. Nc3 Nc6 3. e3 g6 4. d4 Bg7 5. Nf3 d6 6. d5 Ne5 7. Nxe5 Bxe5 8. Be2 Bg7 9. O-O Nf6 10. e4 Nd7
11. Qc2 O-O 12. Be3 a6 13. Qc1 Nb6 14. Bh6 Re8 15. b3 e6 16. dxe6 fxe6 17. a4 Bd7 18. Bg5 Qc7 19. a5 Nc8 20. h4 Ne7
21. Qe3 d5 22. exd5 exd5 23. Bf4 Nf5 24. Qd2 Bxc3 25. Qxc3 Qxf4 26. cxd5 Rxe2 27. Qxc5 Ng3 28. fxg3 Qe3+ 29. Qxe3 Rxe3 30. Ra4 Bxa4
0-1

[Event "2010 Under 1500 Championship"]
[Site "SchemingMind.com"]
[Date "2011.03.14"]
[Round "-"]
[White "Bricriu"]
[Black "ichabod801"]
[Result "0-1"]
[WhiteCountry "IRL"]
[BlackCountry "USA"]
[WhiteElo "1690"]
[WhiteRD "65"]
[BlackElo "1886"]
[BlackRD "79"]
[GameID "278043"]

1. c4 e6 2. g3 d5 3. Bg2 Nf6 4. Nf3 Be7 5. O-O O-O 6. d4 c5 7. cxd5 exd5 8. Nc3 Nc6 9. dxc5 Bxc5 10. Na4 Be7
11. Be3 Re8 12. Rc1 Bg4 13. Nc5 Bxc5 14. Bxc5 Qd7 15. Re1 Rac8 16. Nd4 b6 17. Ba3 Nxd4 18. Qxd4 Rxc1 19. Rxc1 Bxe2 20. Re1 Bb5
21. Rxe8+ Qxe8
0-1

[Event "2010 Under 1500 Championship"]
[Site "SchemingMind.com"]
[Date "2011.03.13"]
[Round "-"]
[White "ichabod801"]
[Black "Bricriu"]
[Result "1-0"]
[WhiteCountry "USA"]
[BlackCountry "IRL"]
[WhiteElo "1886"]
[WhiteRD "79"]
[BlackElo "1690"]
[BlackRD "65"]
[GameID "278049"]

1. c4 g6 2. Nc3 Bg7 3. g3 c5 4. Bg2 Nc6 5. a3 d6 6. Rb1 a5 7. Nf3 e5 8. d3 Nge7 9. O-O O-O 10. Bg5 f6
11. Bd2 Rb8 12. Nb5 d5 13. cxd5 Nxd5 14. e4 Nc7 15. Be3 Nxb5 16. Qb3+ Kh8 17. Qxb5 Nd4 18. Qxc5 Ne2+ 19. Kh1 b6 20. Qc4 Rb7
21. Rfe1 Rc7 22. Bxb6
1-0